00892nam a2200229 a 450000100090000000800410000901000150005002000180006505000220008310000180010524500340012325000120015726000280016926000390019730000110023652002400024765000460048765000280053365000410056165000390060265000210064117033250160920s2011 ||||||||||||||||| || u a2011456964 a9781444729726 aPS 3557.R5355L58  aGrisham, John14aThe litigatorscJohn Grisham. a1st ed. aLondonbDoubledayc2011 aLondonbHodder and Stoughtonc2011 a436 p. aLaw firm partners Oscar Finley and Wally Figg see a chance for huge financial gain when they learn of a pending class action lawsuit against the makers of Krayoxx, a popular cholesterol-reducing drug suspected of causing heart attacks. 0aClass actions (Civil procedure) - Fiction 0aCHICAGO (III.) -FICTION 0aProducts liability - Drugs - Fiction 0aANTICHOLESTEREMIC AGENTS - FICTION aENGLISH LANGUAGE